| 000 | 00433nam a22001451a 4500 | ||
|---|---|---|---|
| 082 |
_aH3 _bREM/R |
||
| 100 | _aRemanath Tripathi | ||
| 245 |
_aRamagaatha: _bValmiki ke eithihasika mahamanava rama ke udhaatth charitra par aadharit oupanyaasika kruthi/ _cby Remanath Tripathi |
||
| 260 |
_aNew Delhi: _bRajpal, _c1998. |
||
| 300 | _a216p. | ||
| 650 | _aNovel Hindi | ||
| 650 | _aLiterature Hindi | ||
| 650 | _aLiterature | ||
| 942 | _cBK | ||
| 999 |
_c37198 _d37198 |
||